000 nam a22 7a 4500
999 _c128617
_d128617
008 181122b xxu||||| |||| 00| 0 eng d
050 _aBR1360.Q2
245 _aUn christianenisme africain
260 _aParis
_bEditions Beauchesne
_c1979
300 _a142p. ;
_c24cm.
440 _aLes quatre fleuves
_n10
_943563
650 _aChristianity
_zAfrica
_943564
942 _2lcc
_cMONOGRAPH